000 00183 a2200097 4500
020 _a1567661351
041 _aspa
100 _aRiehecky, Janet
245 _aBraquiosaurio
942 _cBK
999 _c30078
_d30076